Quiz - YouLoveEagle - Statistics

General Stats
  • This quiz has been taken 136 times
    7 since last reset
  • The average score is 2 of 5
Answer Stats
Hint Answer % Correct
Tysm this is my most popular quiz! :)
100%
National Country Animal? USA
33%
Who are we specifaclly talking about? YouLoveEagle
33%
Who Also Commneted on the Quiz
Okay bye bye
CardinalSin
17%
First Commented Quiz Top 10 Countries In Category
0%
No matching quizzes found
Score Distribution
Percent of People with Each Score
Percentile by Number Answered
Your Score History
You have not taken this quiz since the last reset